Amnesty International Report 1990 (Record no. 223542)
[ view plain ]
| 000 -LEADER | |
|---|---|
| fixed length control field | 00596nam a22001937a 4500 |
| 005 - DATE AND TIME OF LATEST TRANSACTION | |
| control field | 20220630160523.0 |
| 008 - FIXED-LENGTH DATA ELEMENTS--GENERAL INFORMATION | |
| fixed length control field | 220630b ||||| |||| 00| 0 eng d |
| 020 ## - INTERNATIONAL STANDARD BOOK NUMBER | |
| International Standard Book Number | 0862101778 |
| 040 ## - CATALOGING SOURCE | |
| Transcribing agency | AL |
| 082 ## - DEWEY DECIMAL CLASSIFICATION NUMBER | |
| Edition number | 23 |
| Classification number | 365.45 |
| Item number | AMNA |
| 100 ## - MAIN ENTRY--PERSONAL NAME | |
| Personal name | Amnesty International |
| 100 ## - MAIN ENTRY--PERSONAL NAME | |
| 9 (RLIN) | 46378 |
| 245 ## - TITLE STATEMENT | |
| Title | Amnesty International Report 1990 |
| 260 ## - PUBLICATION, DISTRIBUTION, ETC. | |
| Place of publication, distribution, etc. | London |
| Name of publisher, distributor, etc. | Amnesty International Publications |
| Date of publication, distribution, etc. | 1990 |
| 300 ## - PHYSICAL DESCRIPTION | |
| Extent | 298 p. |
| Other physical details | PB |
| Dimensions | 23.5x15.5 cm. |
| 650 ## - SUBJECT ADDED ENTRY--TOPICAL TERM | |
| Topical term or geographic name entry element | The State of the Worlds Human Rights |
| 9 (RLIN) | 46371 |
| 650 ## - SUBJECT ADDED ENTRY--TOPICAL TERM | |
| Topical term or geographic name entry element | Amnesty International |
| 9 (RLIN) | 46372 |
| 700 ## - ADDED ENTRY--PERSONAL NAME | |
| Personal name | AMNESTY INTERNATIONAL |
| 9 (RLIN) | 46373 |
| 942 ## - ADDED ENTRY ELEMENTS (KOHA) | |
| Source of classification or shelving scheme | Dewey Decimal Classification |
| Koha item type | George Fernandes Collections |
| Withdrawn status | Lost status | Source of classification or shelving scheme | Damaged status | Not for loan | Collection code | Home library | Current library | Date acquired | Total Checkouts | Full call number | Barcode | Date last seen | Price effective from | Koha item type |
|---|---|---|---|---|---|---|---|---|---|---|---|---|---|---|
| Dewey Decimal Classification | Political Science | St Aloysius Library | St Aloysius Library | 03/23/2013 | 365.45 AMNA | GF01287 | 06/30/2022 | 06/30/2022 | George Fernandes Collections |